000 00270nam a22001337a 4500
008 170829b xxu||||| |||| 00| 0 eng d
020 _a
041 _aeng
080 _2
_a070
100 _a39
101 _aMED
245 _aTHE CAMERA
_cDONOVAN,H
942 _2udc
_cBK
999 _c25340
_d25340